|
|
|
|
| LEADER |
00000nam2a2200000 4500 |
| 001 |
610692 |
| 005 |
20231101132623.0 |
| 035 |
|
|
|a (RuTPU)RU\TPU\conf\8325
|
| 090 |
|
|
|a 610692
|
| 100 |
|
|
|a 20150203d2008 k y0rusy50 ca
|
| 101 |
0 |
|
|a rus
|
| 102 |
|
|
|a RU
|
| 105 |
|
|
|a a z 101zy
|
| 135 |
|
|
|a drnn ---uucaa
|
| 181 |
|
0 |
|a i
|
| 182 |
|
0 |
|a b
|
| 200 |
0 |
|
|a Т. 3
|
| 203 |
|
|
|a Текст
|c электронный
|
| 210 |
|
|
|d 2008
|
| 230 |
|
|
|a 1 компьютерный файл (pdf; 59 MB)
|
| 300 |
|
|
|a Заглавие с титульного экрана
|
| 330 |
|
|
|a Сборник содержит доклады XIV Международной научно-практической конференции студентов, аспирантов и молодых ученых "Современные техника и технологии". Все статьи разделены по секциям: электроэнергетика; приборостроение; технология, оборудование и автоматизация машиностроительных производств; электромеханика; системы и приборы медицинского назначения; материаловедение; информатика и управление в технических системах; физические методы в науке и технике; контроль и управление качеством; теплоэнергетика; дизайн и технология обработки материалов; круглый стол "философия техники"; круглый стол "проблемы организации научно-технического творчества молодежи". Сборник представляет интерес для специалистов, исследователей в сфере материаловедения, машино- и приборостроения, энергетики, контроля и управления качеством, а также по проблемам НИРС в вузах.
|
| 337 |
|
|
|a Adobe Reader
|
| 461 |
|
1 |
|0 (RuTPU)RU\TPU\conf\8317
|t Современные техника и технологии
|o сборник трудов XIV Международной научно-практической конференции студентов, аспирантов и молодых ученых, Томск, 24-28 марта 2008 г.
|o в 3 т.
|f Томский политехнический университет (ТПУ)
|v Т. 3
|d 2008
|
| 606 |
1 |
|
|a Научно-исследовательская работа
|2 stltpush
|3 (RuTPU)RU\TPU\subj\45139
|
| 610 |
1 |
|
|a конференции
|
| 610 |
1 |
|
|a труды учёных ТПУ
|
| 610 |
1 |
|
|a электронный ресурс
|
| 610 |
1 |
|
|a электроэнергетика
|
| 610 |
1 |
|
|a приборостроение
|
| 610 |
1 |
|
|a технология
|
| 610 |
1 |
|
|a промышленное оборудование
|
| 610 |
1 |
|
|a производство
|
| 610 |
1 |
|
|a электромеханика
|
| 610 |
1 |
|
|a материаловедение
|
| 610 |
1 |
|
|a медицинская техника
|
| 610 |
1 |
|
|a медицинские приборы
|
| 610 |
1 |
|
|a информатика
|
| 610 |
1 |
|
|a управление качеством
|
| 610 |
1 |
|
|a теплоэнергетика
|
| 610 |
1 |
|
|a дизайн
|
| 610 |
1 |
|
|a обработка материалов
|
| 610 |
1 |
|
|a НИРС
|
| 610 |
1 |
|
|a физические методы
|
| 610 |
1 |
|
|a автоматизация
|
| 675 |
|
|
|a 62.001.5(063)
|v 3
|
| 801 |
|
2 |
|a RU
|b 63413507
|c 20161005
|g RCR
|
| 856 |
4 |
|
|u http://www.lib.tpu.ru/fulltext/c/2008/C01/V3/C01_V3.pdf
|
| 942 |
|
|
|c BK
|